Normal view MARC view
  • COVID-19 (Enfermedad)

Entry Materia

Number of records used in: 1

001 - NÚMERO DE CONTROL DEL REGISTRO

  • campo de control: 59054

003 - IDENTIFICADOR DE NUMERO DE CONTROL

  • campo de control: MX-MxUPN

005 - FECHA Y HORA DE LA ÚLTIMA TRANSACCIÓN

  • campo de control: 20260317101955.0

008 - DATOS DE LONGITUD FIJA

  • campo de control de longitud fija: 260317|| fcn||babn | a|a d

040 ## - FUENTE DE LA CATALOGACIÓN

  • Centro catalogador de origen: MX-MxUPN
  • Lengua de catalogación: spa
  • Agencia de transcripción: MX-MxUPN

150 ## - ENCABEZAMIENTO - TEMÁTICO

  • Término de materia o nombre geográfico como elemento inicial: COVID-19 (Enfermedad)
  • Subdivisión de materia general: Política gubernamental
  • Subdivisión geográfica: México
  • Subdivisión de materia general: Opinión pública

670 ## - FUENTE EN LA QUE SE LOCALIZARON DATOS

  • Cita de la fuente: Autoridades BGTQ, 17 marzo 2026:
  • Información localizada: (COVID-19 (Enfermedad) -- Política gubernamental -- México -- Opinión Pública)

902 ## - CATALOGADOR

  • Catalogador: Víctor Ruiz/170326